California's 11th Congressional District Reps by Picture - Statistics

General Stats
  • This quiz has been taken 5 times
  • The average score is 6 of 19
Answer Stats
Picture Hint Answer % Correct
2023-2027 Nancy Pelosi
100%
1967-1973 Pete McCloskey
50%
1947-1953 Ernest K. Bramblett
25%
1943-1947 George E. Outland
25%
2013-2015 George Miller
25%
1963-1967 J. Arthur Younger
25%
2007-2013 Jerry McNerney
25%
1953-1957 J. Leroy Johnson
25%
1939-1943 John Carl Hinshaw
25%
1957-1963 John J. McFall
25%
1935-1939 John S. McGroarty
25%
1973-1978 Leo Ryan
25%
2015-2023 Mark DeSaulnier
25%
1921-1933 Phil Swing
25%
1993-2007 Richard Pombo
25%
1981-1993 Tom Lantos
25%
1933-1935 William E. Evans
25%
1913-1921 William Kettner
25%
1979-1981 William Royer
25%
No matching quizzes found
Score Distribution
Percent of People with Each Score
Percentile by Number Answered
Your Score History
You have not taken this quiz